000 00332nam a2200133Ia 4500
005 20260328101450.0
008 260328s9999||||xx |||||||||||||| ||und||
100 _aMunari, Bruno
245 0 _aDiseño y Comunicación Visual /
_cBruno Munari
260 _bGustavo Gili
300 _a359 p.
650 _aDISEÑO GRÁFICO
942 _cBK
999 _c8635
_d8635